00635nam a22002177a 45000050016000000100014000160200026000300350013000560370013000690820014000821000015000962450111001112500016002222600042002382700038002803000022003185000019003406500010003596500028003696500020003972010080605425.0 aENG-98498 a9788188132201c700.00 aEN-82031 bDBAD/PUB a362.10954 aKishore, K aNational health programs of India :bnational policies and legislations related to health /cby J. Kishore a8th edition aNew DelhibCentury Publicationsc2010 a46, Masih GarhbNew Delhie110025 a796p.c27cm (pbk) aIncludes index aIndia aNational health service aHealth programs